000 00850nam a2200277Ia 4500
003 OSt
005 20220918171222.0
006 a|||||r|||| 00| 0
007 ta
008 220917b |||||||| |||| 00| 0 eng d
020 _a9781412976398 (hbk)
_c4563.72
024 _a245,134
037 _b286, 07/01/2011, Kilaso Books
_cTextual
040 _aARTS
_cARTS
_beng
041 _2eng
_aeng
082 _aS:7:6, P7;Q1
100 _aMiller Leslie A.
_934851
245 0 _aFoundations of psychological testing
_b Practical approach
250 _a3rd
260 _aLos Angeles
_b Sage USA
_c2011
300 _axviii,613p.
_ccm.
650 _aPSYCHOLOGY
700 _a Mclntire Sandra A.
_934852
942 _hS:7:6, P7;Q1
_cTEXL
_2CC
999 _c138394
_d138394